|
|
|
|
| LEADER |
01594nam a2200349 a 4500 |
| 001 |
mzk03001075506 |
| 003 |
CZ BrMZK |
| 005 |
20091002090118.0 |
| 007 |
ta |
| 008 |
091002s1693 gw fr|||||00| ||latod |
| 040 |
|
|
|a BOA001
|b cze
|
| 072 |
|
7 |
|a 094
|x Staré tisky
|2 Konspekt
|9 12
|
| 080 |
|
|
|a (0.068)094
|2 MRF
|
| 100 |
1 |
|
|a Archdekin, Richard,
|d 1618-1693
|7 ola20050530001
|4 aut
|
| 245 |
1 |
0 |
|a Theologia Universa Primò Speculativa Posteà Practica :
|b Nova, Brevi, et Facili Methodo Comprehensa Et ad Normam totius Cursus Theologici commodissimè redacta, Iuxta Praf. sequentem. Cum Recentibus, Decretis, Modernis Quaestionibus, multiplici praxi et Idaea aliarum Scientiarum in omni genere Materiae.
|n Tomus Secundus /
|c R. P. Richardi Arsdekin Soc. Jesu, Sac. Theol. Professoris
|
| 260 |
|
|
|a Dilingae :
|b Sumptibus Joannis Caspari Bencard, Bibliopolae Academici,
|c 1693
|
| 300 |
|
|
|a 287, [5] s. ;
|c 2°
|
| 500 |
|
|
|a Výzdoba: Nad impresem jezuitský emblém, linky z typografických ozdob, viněty, iniciály, text tištěn dvousloupcově
|
| 501 |
|
|
|a Přívazek 1 k: Theologia Tripartita Universa ... / Richard Archdekin
|
| 510 |
3 |
|
|a DNB
|
| 655 |
|
7 |
|a staré tisky
|7 fd422076
|2 czenas
|
| 700 |
1 |
|
|a Estrix, Aegidius
|4 oth
|
| 700 |
1 |
|
|a Hoefflach, Antonius
|4 oth
|
| 903 |
|
|
|a RP
|
| 910 |
|
|
|a BOA001
|b CH-0006.160,1,přív.1
|
| 978 |
|
|
|b Bencard, Johann Caspar
|a Augsburg
|c 1693
|
| 984 |
|
|
|a Augsburg
|b Německo
|
| 985 |
|
|
|a 1651-1700
|
| 990 |
|
|
|a BK
|
| 993 |
|
|
|a Y
|
| 991 |
|
|
|k mzk
|
| 994 |
|
|
|a UP
|l MZK03
|b 001075505
|m přívazek 1
|n záznam 1. díla (pro objednání pokračujte kliknutím)
|